Synthese et caracterisation physicochimiques et catalytiques de l'offretite /

Guardado en:
Otros Autores: Moudafi, Latifa. (Disertante)
Formato: Manuscrito
Idioma:French
Publicado: 1985.
Materias:
Etiquetas: Agregar Etiqueta
Sin Etiquetas, Sea el primero en etiquetar este registro!
LEADER 00981ntm a22002535a 4500
001 EIQ.libpla002674
008 070718s1985####fr#a#####bm###000#0#fre#d
005 20071218170552.0
245 1 0 |a Synthese et caracterisation physicochimiques et catalytiques de l'offretite /  |c Par Latifa Moudafi. 
260 |c 1985. 
300 |a 130 p., 9 h. de láms :  |b il. ;  |c 30 cm. 
502 |a Tesis (doctorado)--Université des Sciences et Techniques du Languedoc, 1985. 
500 |a Director de tesis:F. Fajula. 
504 |a Incluye referencias bibliográficas. 
100 1 |a Moudafi, Latifa.  |4 dis 
710 2 |a Université des Sciences et Techniques du Languedoc (France)  |4 dgg. 
650 4 |a Catálisis  |x Tesis. 
650 4 |a Catálisis  |x Caracterización. 
650 4 |a Catálisis  |x Síntesis. 
650 4 |a Catalysis  |x Thesis. 
650 4 |a Catalysis  |x Characterization. 
650 4 |a Catalysis  |x Synthesis. 
040 |a AR-BbSID  |b spa  |c AR-BbSID 
859 |a AR-BbSID  |b BIB. PLAPIQUI  |h 541.395  |i M 86  |p 3114